书目信息 |
| 题名: |
跟徐湛学国画
|
|
| 作者: | 徐湛 著 | |
| 分册: | ||
| 出版信息: | 北京 科学普及出版社 2018.7 |
|
| 页数: | 166页 | |
| 开本: | 29x29cm | |
| 丛书名: | 中国花鸟画研修院·系列教材 | |
| 单 册: | ||
| 中图分类: | J212.1 | |
| 科图分类: | ||
| 主题词: | 中国画--技法(美术)--教材 | |
| 电子资源: | ||
| ISBN: | 978-7-110-06636-2 | |
| 000 | 01213nam 2200289 45 | |
| 001 | 012001000901 | |
| 005 | 20130910085028.0 | |
| 010 | @a978-7-110-06636-2@dCNY78.00 | |
| 092 | @bCEPC074101-0966 | |
| 099 | @aCAL 012008008417 | |
| 100 | @a20080117d2007 em y0chiy0110 ea | |
| 101 | 0 | @achi |
| 102 | @aCN@b110000 | |
| 105 | @aa z 000yy | |
| 106 | @ar | |
| 200 | 1 | @a跟徐湛学国画@AGen Xu Zhan Xue Guo Hua@f徐湛著 |
| 210 | @a北京@c科学普及出版社@d2018.7 | |
| 215 | @a166页@c彩图@d29x29cm | |
| 225 | 2 | @a中国花鸟画研修院·系列教材@AZhong Guo Hua Niao Hua Yan Xiu Yuan ·xi Lie Jiao Cai@v1 |
| 300 | @a中央数字电视·书画频道教材 | |
| 330 | @a作为中华文化学院中国花鸟画研修院常务院长,回忆自己四十余载的国画生涯,徐湛感到事业的路虽然很艰辛,但也得到了令人欣慰的回报:在中央电视台《夕阳红》节目开设系列书画讲座,一讲就是3年;今年上半年央视新开的书画频道也为他专门开设了名为《跟徐湛学国画》的栏目;他的学生早已遍布世界各地……本书是中央电视台书画频道《跟徐湛学国画》栏目的配套教材。 | |
| 461 | 0 | @12001 @a中国花鸟画研修院·系列教材 |
| 606 | 0 | @a中国画@x技法(美术)@j教材 |
| 690 | @aJ212.1@v5 | |
| 701 | 0 | @a徐湛@AXu Zhan@4著 |
| 801 | @aCN@b江苏凤凰@c20211018 | |
| 905 | @b1341459-62@dJ212.1@e1265@f4 | |
| 跟徐湛学国画/徐湛著.-北京:科学普及出版社,2018.7 |
| 166页:彩图;29x29cm.-(中国花鸟画研修院·系列教材;1) |
| 中央数字电视·书画频道教材 |
| ISBN 978-7-110-06636-2:CNY78.00 |
| 作为中华文化学院中国花鸟画研修院常务院长,回忆自己四十余载的国画生涯,徐湛感到事业的路虽然很艰辛,但也得到了令人欣慰的回报:在中央电视台《夕阳红》节目开设系列书画讲座,一讲就是3年;今年上半年央视新开的书画频道也为他专门开设了名为《跟徐湛学国画》的栏目;他的学生早已遍布世界各地……本书是中央电视台书画频道《跟徐湛学国画》栏目的配套教材。 |
| ● |
| 相关链接 |
|
|
|
|
正题名:跟徐湛学国画
索取号:J212.1/1265
 
预约/预借
| 序号 | 登录号 | 条形码 | 馆藏地/架位号 | 状态 | 备注 |
| 1 | 1341459 | 213414599 | 第一样本阅览室/ [索取号:J212.1/1265] | 在馆 | |
| 2 | 1341460 | 213414606 | 第一借阅区/ [索取号:J212.1/1265] | 在馆 | |
| 3 | 1341461 | 213414615 | 第一借阅区/ [索取号:J212.1/1265] | 在馆 | |
| 4 | 1341462 | 213414624 | 第一借阅区/ [索取号:J212.1/1265] | 在馆 |